000 00865nam a2200265 i 4500
001 C2-0321081
003 PPAK
005 20180728120347.0
008 130128s1993 my a|||| ||||| | may d
040 _aPPAK
_beng
_cPPAK
_erda
082 0 4 _a630.9595
_223
090 0 0 _a630.9595
_bANU
_dKK
100 0 _aAnuar Omar,
_eauthor
110 2 _aKementerian Pertanian Malaysia
245 1 0 _aBerita IADP:
_bProjek Pembangunan Pertanian Bersepadu Lembah Kedah
250 _aDec/Jan 1993/94
264 1 _aKedah :
_bIADP Lembah Kedah ,
_c[1993]
300 _a16 pages :
_bcolour illustrations ;
_c30 cm.
336 _2rdacontent
_atext
337 _2rdamedia
_aunmediated
338 _2rdacarrier
_avolume
650 1 0 _aAgriculture and state - Malaysia ; Agriculture - Research - Malaysia
710 2 _aKementerian Pertanian Malaysia
_eorganizer
942 _ddc
_cB
999 _c121617
_d121617